[Event "Berlin Eckbauer op 15th"]
[Site "Berlin"]
[Date "2012.11.19"]
[Round "6.7"]
[White "Sharenkov, Ilya"]
[Black "Korell, Klaus Peter"]
[Result "1-0"]
[WhiteElo "1982"]
[BlackElo "1976"]
[PlyCount "99"]
[EventDate "2012.10.15"]
[EventType "swiss"]
[EventRounds "7"]
[EventCountry "GER"]
[SourceTitle "EXT 2022"]
[Source "ChessBase"]
[SourceDate "2021.10.06"]
[SourceVersion "1"]
[SourceVersionDate "2021.10.06"]
[SourceQuality "1"]

1. d4 d5 2. e3 Nf6 3. Bd3 e6 4. Nd2 c5 5. c3 Nc6 6. f4 Be7 7. Ngf3 b6 8. 0-0 0-0 9. Ne5 Bb7 10. Qf3 g6 11. g4 Ne8 12. Qh3 Nd6 13. Rf3 Kg7 14. g5 Rh8 15. Ng4 Nf5 16. Nh6 f6 17. Nxf5+ exf5 18. gxf6+ Bxf6 19. Rg3 Kf7 20. Nf3 Ne7 21. b3 Rc8 22. Bb2 c4 23. bxc4 dxc4 24. Bc2 Rc7 25. Ne5+ Bxe5 26. fxe5 Qd7 27. Rf1 Ke8 28. Ba3 Qd5 29. Bxe7 Kxe7 30. e4 fxe4 31. Qh4+ Kd7 32. Qf6 Re8 33. Qf7+ Qxf7 34. Rxf7+ Re7 35. Rxe7+ Kxe7 36. Re3 Ke6 37. Bxe4 Bxe4 38. Rxe4 Rf7 39. Kg2 b5 40. Re2 Kd5 41. Rb2 Rb7 42. Kf3 a6 43. a4 Rb8 44. Ke3 Rb7 45. Rf2 Rb6 46. a5 Re6 47. Rf7 Rc6 48. Rb7 b4 49. Rb8 h6 50. Rd8+ 1-0

[Event "Berlin Eckbauer op 15th"]
[Site "Berlin"]
[Date "2012.10.15"]
[Round "1.15"]
[White "Sharenkov, Ilya"]
[Black "Wuesthoff, Ralf"]
[Result "1/2-1/2"]
[WhiteElo "1982"]
[BlackElo "1614"]
[PlyCount "45"]
[EventDate "2012.10.15"]
[EventType "swiss"]
[EventRounds "7"]
[EventCountry "GER"]
[SourceTitle "EXT 2022"]
[Source "ChessBase"]
[SourceDate "2021.10.06"]
[SourceVersion "1"]
[SourceVersionDate "2021.10.06"]
[SourceQuality "1"]

1. d4 f5 2. Bg5 d6 3. e3 g6 4. Bc4 Bg7 5. Bxg8 Rxg8 6. c4 c6 7. Nc3 Nd7 8. Nf3 Nf6 9. Qd3 Qc7 10. d5 Bd7 11. 0-0 Ng4 12. Rfe1 Kf7 13. e4 Rge8 14. h3 Ne5 15. Nxe5+ Bxe5 16. f4 Bg7 17. Kh1 Bf6 18. Bxf6 exf6 19. Rad1 c5 20. Qf3 a6 21. g4 fxg4 22. hxg4 h5 23. f5 1/2-1/2